|
|
|
|
| LEADER |
01257nam a2200337 a 4500 |
| 001 |
34502 |
| 003 |
BD-DhAAL |
| 005 |
20211111102818.0 |
| 008 |
190407t1992 nyua 001 0 eng d |
| 999 |
|
|
|c 40636
|d 40636
|
| 010 |
|
|
|a 91066269
|
| 020 |
|
|
|a 9780070726925
|
| 020 |
|
|
|a 0070726922
|
| 040 |
|
|
|a DLC
|c DLC
|d DLC
|d BD-DhAAL
|
| 050 |
0 |
0 |
|a QA76.8.I1015
|b Y8 1992
|
| 082 |
0 |
0 |
|a 005.265
|2 20
|
| 100 |
1 |
|
|a Yu, Ytha
|9 31115
|
| 245 |
1 |
0 |
|a Assembly language programming and organization of the IBM PC /
|c Ytha Yu and Charles Marut.
|
| 260 |
|
|
|a New York :
|b Mitchell McGraw-Hill,
|c c1992.
|
| 300 |
|
|
|a xvi, 544 pages :
|b illustrations ;
|c 28 cm.
|
| 500 |
|
|
|a Includes index.
|
| 526 |
|
|
|a CSE
|
| 541 |
|
|
|a Development Book Agency
|e 34502
|
| 650 |
|
0 |
|a IBM microcomputers
|x Programming.
|9 31116
|
| 650 |
|
0 |
|a Assembly languages (Electronic computers)
|9 31117
|
| 650 |
|
0 |
|a Computer science
|9 42513
|
| 650 |
|
0 |
|a Computer organization.
|9 31118
|
| 700 |
1 |
|
|a Marut, Charles.
|9 31119
|
| 852 |
|
|
|a Ayesha Abed Library
|c General Stacks
|
| 942 |
|
|
|2 ddc
|c BK
|
| 952 |
|
|
|0 0
|1 0
|2 ddc
|4 0
|6 005_265000000000000_YU
|7 0
|9 65363
|a BRACUL
|b BRACUL
|c GEN
|d 2019-04-03
|e Development Book Agency
|g 9450.00
|l 9
|m 67
|o 005.265 YU
|p 3010034502
|r 2024-05-12
|s 2024-01-25
|t 1
|v 9450.00
|w 2019-04-03
|y BK
|